| 000 | 00792nam a2200241 i 4500 | ||
|---|---|---|---|
| 001 | bg | ||
| 100 | 1 | _aBulanda, Władysław. | |
| 245 | 1 | 0 |
_aPodstawy fizyki środowiska przyrodniczego / _cWładysław Bulanda. |
| 260 |
_aLublin : _bWydawnictwo Uniwersytetu Marii Curie-Skłodowskiej, _c2007. |
||
| 300 |
_a382 s. : _bil. ; _c24 cm. |
||
| 650 | 9 |
_aŚrodowisko człowieka _xfizyka |
|
| 650 | 9 | _aDegradacja środowiska | |
| 655 | _aPodręczniki akademickie | ||
| 015 | _aPB 9778/2007 | ||
| 020 | _a9788322726396 | ||
| 040 | _cBPK | ||
| 041 | _apol | ||
| 080 | _a53:502.2:504.6](075.8) | ||
| 920 | _a978-83-227-2639-6 | ||
| 942 | _cKS | ||
| 008 | 070227s2007 pl a |000 0 pol c | ||
| 999 |
_c54007 _d54007 |
||
| 856 |
_uhttp://koha.tu.koszalin.pl/cgi-bin/koha/opac-detail.pl?biblionumber=54007 _yKatalog online BPK |
||